| 000 | 00324nam a22001217a 4500 | ||
|---|---|---|---|
| 020 | _a0-471-09872-8 | ||
| 082 | _a004.16 GRE'U | ||
| 100 |
_aWRAY, W.C , GREENFIELD, J.D _965461 |
||
| 245 | _aUSING MICROPROCESSORS AND MICROCOMPUTERS , THE 6800 FAMILY | ||
| 260 |
_aNEWYORK _bJOHN WILEY _c1981 |
||
| 300 | _a460P | ||
| 942 | _cBK | ||
| 999 |
_c573661 _d573661 |
||